| 000 | 00375nam a22001337a 4500 | ||
|---|---|---|---|
| 020 | _qPB. | ||
| 040 | _cFizza Ishaq | ||
| 082 |
_a302.5 _bJAM |
||
| 100 |
_aSkipper, K. James. _9133832 |
||
| 245 |
_aDeviance: Voice from the Margin / _cJames K. Skipper. |
||
| 260 |
_aNew York : _bWadsworth Publishing Company, _c1981. |
||
| 300 |
_a207 p. ; _c7.3x9.1 inches |
||
| 942 |
_2ddc _cBK |
||
| 999 |
_c616807 _d616807 |
||